International security problems and solutions
Gespeichert in:
| 1. Verfasser: | |
|---|---|
| Format: | Buch |
| Sprache: | Englisch |
| Veröffentlicht: |
Washington
CQ Press
2006
|
| Schlagworte: | |
| Tags: |
Keine Tags, Fügen Sie das erste Tag hinzu!
|
MARC
| LEADER | 00000nam$a2200000$$$4500 | ||
|---|---|---|---|
| 001 | 0067354 | ||
| 005 | 20240306135744.4 | ||
| 020 | |a 1-56802-587-4 | ||
| 041 | 0 | |a eng | |
| 044 | |a US | ||
| 245 | 1 | 0 | |a International security |b problems and solutions |c Patrick M. Morgan |
| 264 | 1 | |a Washington |b CQ Press |c 2006 | |
| 300 | |a 331 s. | ||
| 610 | 2 | 0 | |a politika medzinárodná |
| 610 | 2 | 0 | |a bezpečnosť |
| 610 | 2 | 0 | |a vojny |
| 610 | 2 | 0 | |a konflikty medzinárodné |
| 610 | 2 | 0 | |a konflikty etnické |
| 610 | 2 | 0 | |a konflikty náboženské |
| 610 | 2 | 0 | |a armáda |
| 610 | 2 | 0 | |a zbrojenie |
| 610 | 2 | 0 | |a štát |
| 610 | 2 | 0 | |a moc politická |
| 610 | 2 | 0 | |a integrácia |
| 610 | 2 | 0 | |a multilateralita |
| 610 | 2 | 0 | |a vyjednávanie |
| 610 | 2 | 0 | |a štúdie prípadové |
| 100 | 1 | |a Morgan, Patrick M. | |